书目信息 |
| 题名: |
郑和下西洋的故事
|
|
| 作者: | 赵恺 著 | |
| 分册: | ||
| 出版信息: | 贵阳 贵州教育出版社 2020.08 |
|
| 页数: | 224页 | |
| 开本: | 21cm | |
| 丛书名: | 星光丛书 | |
| 单 册: | ||
| 中图分类: | K248.105 | |
| 科图分类: | ||
| 主题词: | 郑和下西洋--zheng he xia xi yang--通俗读物 | |
| 电子资源: | ||
| ISBN: | 978-7-5456-1298-1 | |
| 000 | 01306nam 2200301 450 | |
| 001 | CAL 0120213139195 | |
| 005 | 20230217093112.0 | |
| 010 | @a978-7-5456-1298-1@dCNY20.00 | |
| 100 | @a20210312d2020 em y0chiy0120 ea | |
| 101 | 0 | @achi |
| 102 | @aCN@b520000 | |
| 105 | @ay z 000yy | |
| 106 | @ar | |
| 200 | 1 | @a郑和下西洋的故事@Azheng he xia xi yang de gu shi@f赵恺著 |
| 210 | @a贵阳@c贵州教育出版社@d2020.08 | |
| 215 | @a224页@d21cm | |
| 225 | 2 | @a星光丛书@Axing guang cong shu |
| 300 | @a本书获2019年贵州省出版传媒事业发展专项资金资助 | |
| 312 | @a封面其他题名: 全景讲述郑和纵横大洋的壮美之旅 | |
| 314 | @a赵恺, 经济学学士, 文史研究者、历史作家。 | |
| 330 | @a作为中国历史上最著名的航海家, 郑和七下西洋的壮举早已成为了中国对外交往历史中不可或缺的一页。但对于郑和的生平以及其多次远航过程中诸多细节, 很多国人却不甚了了。本书将结合中外史料的相关记载, 以写实而又生动的叙事手法, 为读者全面展现郑和下西洋的壮美图景以及明王朝与海外诸国交往的历史篇章。 | |
| 410 | 0 | @12001 @a星光丛书 |
| 517 | 1 | @a全景讲述郑和纵横大洋的壮美之旅@Aquan jing jiang shu zheng he zong heng da yang de zhuang mei zhi lu^ |
| 606 | 0 | @a郑和下西洋@Azheng he xia xi yang@j通俗读物 |
| 690 | @aK248.105@v5 | |
| 701 | 0 | @a赵恺@Azhao kai@4著 |
| 801 | 0 | @aCN@bBJXHZP@c20230228 |
| 905 | @b1383599-602@dK248.105@e185@f4 | |
| 郑和下西洋的故事/赵恺著.-贵阳:贵州教育出版社,2020.08 |
| 224页;21cm.-(星光丛书) |
| 本书获2019年贵州省出版传媒事业发展专项资金资助 |
| ISBN 978-7-5456-1298-1:CNY20.00 |
| 作为中国历史上最著名的航海家, 郑和七下西洋的壮举早已成为了中国对外交往历史中不可或缺的一页。但对于郑和的生平以及其多次远航过程中诸多细节, 很多国人却不甚了了。本书将结合中外史料的相关记载, 以写实而又生动的叙事手法, 为读者全面展现郑和下西洋的壮美图景以及明王朝与海外诸国交往的历史篇章。 |
| ● |
| 相关链接 |
|
|
|
|
正题名:郑和下西洋的故事
索取号:K248.105/185
 
预约/预借
| 序号 | 登录号 | 条形码 | 馆藏地/架位号 | 状态 | 备注 |
| 1 | 1383599 | 213835992 | 第二样本阅览室/ [索取号:K248.105/185] | 在馆 | |
| 2 | 1383600 | 213836009 | 第二借阅区/ [索取号:K248.105/185] | 在馆 | |
| 3 | 1383601 | 213836018 | 第二借阅区/ [索取号:K248.105/185] | 在馆 | |
| 4 | 1383602 | 213836027 | 第二借阅区/ [索取号:K248.105/185] | 在馆 |